00481nam a2200169 a 450008200170000010000170001724500230003426000550005730000090011250000350012150500290015650500310018565000270021665000300024370000210027370000170029400a230.042bRAH aRahner, Karl aSacramentum Munjdi aBangalorebTheological Publications in Indiac1975 a420p aincludes index and biblioraphy2 aIndex of name and topics2 aIndex of name and topics00 aTheology-encyclopaedia aCatholic Church-Doctrines1 aErnst, Cornelius1 aSmyth, Kevin